Jogadores que fizeram gols pela Seleção Brasileira em Copas do Mundo - Statistics

Estatísticas Gerais
  • Esse quiz foi jogado 278 vezes
  • A pontuação média é 37 de 84
Estatísticas das Respostas
Nº de Gols Edições Jogador % Correto
15 1998, 2002, 2006 Ronaldo
100%
12 1958, 1962, 1966, 1970 Pelé
99%
8 2014, 2018, 2022 Neymar
98%
5 1994 Romário
91%
2 2002 Ronaldinho Gaúcho
89%
1 2006 Kaká
87%
8 1998, 2002 Rivaldo
87%
5 1962, 1966 Garrincha
86%
5 1978, 1982 Zico
84%
6 1994, 1998 Bebeto
81%
1 1938 Roberto
81%
2 2006, 2014 Fred
75%
3 2022 Richarlison
75%
2 2014, 2018 Thiago Silva
71%
2 2014 Oscar
70%
1 1982 Oscar
70%
2 2018 Philippe Coutinho
70%
2 2006 Adriano
69%
2 2014 David Luiz
68%
1 2022 Vinícius Júnior
65%
2 1950 Jair
64%
9 1970, 1974 Jairzinho
64%
2 2010 Robinho
64%
5 1970, 1974 Rivellino
63%
4 1982, 1986 Sócrates
62%
3 2010 Luís Fabiano
61%
1 2002 Roberto Carlos
60%
1 2022 Casemiro
59%
3 1966 Tostão
57%
1 1970 Carlos Alberto Torres
55%
9 1958, 1962 Vavá
54%
8 1934, 1938 Leônidas da Silva
52%
7 1986, 1990 Careca
51%
1 2022 Lucas Paquetá
50%
2 1958, 1962 Zagallo
49%
3 1954, 1958 Didi
48%
1 2010 Maicon
48%
1 1982 Júnior
47%
1 2002 Júnior
47%
1 1970 Gérson
45%
1 2018 Roberto Firmino
45%
1 2018 Renato Augusto
44%
1 2018 Paulinho
43%
3 1982 Paulo Roberto Falcão
43%
1 2002 Edmílson
40%
2 2010 Elano
39%
1 1994 Raí
39%
9 1950 Ademir de Menezes
37%
1 2006 Zé Roberto
35%
3 1978 Roberto Dinamite
34%
1 2006 Juninho Pernambucano
32%
1 2014 Fernandinho
31%
1 1958 Nilton Santos
31%
1 2006 Gilberto
30%
2 1990 Müller
30%
1 1962 Zito
30%
1 1982 Serginho Chulapa
29%
3 1962 Amarildo
28%
1 2010 Juan
26%
3 1982 Éder
25%
3 1998 César Sampaio
24%
1 1970 Clodoaldo
23%
1 1954 Djalma Santos
23%
2 1950 Zizinho
23%
1 1978 Reinaldo
19%
1 1994 Márcio Santos
16%
2 1986 Josimar
15%
2 1978 Nelinho
15%
3 1978 Dirceu
14%
3 1930 Preguinho
14%
2 1958 Mazzola
13%
1 1986 Edinho
11%
1 1950 Friaça
10%
2 1950, 1954 Baltazar
8%
2 1954 Julinho Botelho
7%
1 1974 Valdomiro
6%
4 1950 Chico
5%
2 1954 Pinga
5%
1 1966 Rildo
4%
1 1950 Maneca
2%
2 1930 Moderato
2%
3 1938 Perácio
2%
3 1938 Romeu
2%
1 1950 Alfredo
1%
Nenhum quiz correspondente encontrado
Distribuição das Pontuações
Porcentagem de Pessoas com Cada Pontuação
Percentil de Números Respondidos
Sua Pontuação Histórica
Você não jogou esse quiz